| 000 | 00575cam a2200193ua 4500 | ||
|---|---|---|---|
| 003 | OSt | ||
| 008 | 250315b |||||||| |||| 00| 0 eng d | ||
| 020 | _a8185099146 | ||
| 082 |
_a621.9 _bHAJ/EL |
||
| 100 |
_aHajra Choudhury, S K. _91299 |
||
| 245 | _aElements of Workshop Technology, Vol:1 Manufacturing Processes | ||
| 250 | _a10/ 15 Rev& Enl | ||
| 260 |
_aBombay : _bMedia Promoters and Publishers Pvt Ltd , _c1993. |
||
| 300 | _a657 ; .670 | ||
| 700 | 1 |
_aBhattacharya, S C. _91300 |
|
| 700 | 1 |
_aHajra Choudhury, A K. _91294 |
|
| 700 | 1 |
_aNirjhar Roy _91295 |
|
| 942 | _cBK | ||
| 999 |
_c9309 _d9309 |
||